000 00621nam a2200217Ia 4500
005 20241129104126.0
008 241129s9999||||xx |||||||||||||| ||und||
020 _a9781352011814
037 _aTextual
040 _aRTL
_beng
_cRTL
041 _aeng
_2eng
084 _aX9b4 R1
_qRTL
100 _aCollis Jill; Hussey Roger
_9724879
245 0 _aBusiness research: A practical guide for students
_cCollis Jill; Hussey Roger
260 _aLondon
_bRed Globe Press
_c2021
300 _axx,351p.
365 _aINR
_b4829.71
650 _aCommerce
942 _cTB
_hX9b4 R1
999 _c1224524
_d1224524